| 000 | 01102nam a22002895a 4500 | ||
|---|---|---|---|
| 003 | EG-ScBUE | ||
| 005 | 20220718102638.0 | ||
| 008 | 170523s2010 le f d 000 0 ara d | ||
| 020 | _a9953101302 | ||
| 020 | _a9789953101309 | ||
| 040 |
_aEG-ScBUE _bara _erda _cEG-ScBUE _dEG-ScBUE |
||
| 082 | 0 | 4 |
_222 _a492.73 _bف ي و |
| 100 | 1 |
_aفيومي، أحمد بن محمد بن علي، _d(ت. حو. 770 هـ.) _eمؤلف. |
|
| 245 | 1 | 2 |
_aالمصباح المنير : _bمعجم عربي-عربي / _cتأليف العالم العلامة أحمد بن محمد بن علي الفيومي المقرئ. |
| 246 | 3 | 5 |
_aMisbah Al-mounir : _bArabic-Arabic dictionary |
| 250 | _aطبعة جديدة. | ||
| 264 | 1 |
_aبيروت : _bمكتبة لبنان ناشرون، _c2010. |
|
| 300 |
_a272 صفحة ؛ _c24 سم |
||
| 336 |
_2rdacontent _aنص _btxt |
||
| 337 |
_2rdamedia _aبدون وسيط _bn |
||
| 338 |
_2rdacarrier _aمجلد _bnc |
||
| 650 | 7 |
_2BUEsh _98104 _aاللغة العربية _vمعاجم. |
|
| 651 | _2BUEsh | ||
| 653 |
_bGGEN _cMay2017 |
||
| 655 |
_vReading book _934232 |
||
| 942 | _2ddc | ||
| 999 |
_c24868 _d24840 |
||